000 00400nam a22001577a 4500
999 _c1123
_d1123
008 200110b ||||| |||| 00| 0 eng d
082 0 0 _a515
_bH643
100 _9700
_aHildebrand, F. B.
245 1 0 _aAdvanced calculus for engineers
_cby F B Hildebrand
250 _a2nd
260 _aNew York
_bPrentice-Hall
_c1950
300 _axiii,594p.
365 _d34.10
650 0 _aMathematics
942 _cBK